Bibliografi manuskrip Islam di Muzium Islam Malaysia

Bibliographic Details
Other Authors: Osman Bakar
Format: Book
Published: Kuala Lumpur : Akademik Pengajian Melayu,UM , 1992
Subjects:

MARC

LEADER 00000cam a2200000 7i4500
001 0000003048
002 000003301
005 20000330.0
020 |a 9839705237 
090 0 0 |a 016.091   |b BIB 
245 0 0 |a Bibliografi manuskrip Islam di Muzium Islam Malaysia   |c diselenggarakan oleh Engku Ibrahim Ismail dan Osman Bakar 
260 |a Kuala Lumpur :   |b Akademik Pengajian Melayu,UM ,   |c 1992 
300 |a 236p. :   |b 21cm 
650 0 0 |a Manuscripts   |x Bibliography 
651 0 |a Malaysia   |x Islamic manuscript   |x Bibliography 
700 0 |a Osman Bakar 
999 |a 035650   |b BUKU   |c MALAYSIANA   |e PERPUSTAKAAN KOMUNITI PETALING JAYA